[Event "Chase the (K)night (30+1), u1800"]
[Site "SchemingMind.com"]
[Date "2008.02.27"]
[Round "-"]
[White "SLAINTIE MHATH"]
[Black "echecs"]
[Result "1/2-1/2"]
[WhiteCountry "POL"]
[BlackCountry "ENG"]
[WhiteElo "1591"]
[WhiteRD "45"]
[BlackElo "1749"]
[BlackRD "65"]
[GameID "143810"]

1. e4 Nf6 2. Nc3 d5 3. e5 d4 4. exf6 dxc3 5. fxg7 cxd2+ 6. Bxd2 Bxg7 7. Bc3 Bxc3+ 8. bxc3 Qxd1+ 9. Rxd1 Be6 10. a3 O-O
11. h3 Nc6 12. Bd3 Ne5 13. Nf3 Nxf3+ 14. gxf3 c6 15. Rg1+ Kh8 16. Rg5 Rg8 17. Rh5 Rg7 18. Kd2 Rd8 19. f4 Bd5 20. Re1 e6
21. Re3 f5 22. Kc1 Rg2 23. c4 Rg1+ 24. Kb2 Be4 25. Bxe4 fxe4 26. Rxe4 Re8 27. f5 Rg2 28. Rxe6 Rf8 29. Re7 Rg7 30. Rxg7 Kxg7
31. Kc3 Rf6 32. Kd4 b6 33. Ke5 a5 34. Rg5+ Kf7 35. h4 b5 36. c5 h6 37. Rg4 h5 38. Rg5 Rh6 39. Rg6 Rxg6 40. fxg6+ Kg7
41. Kd6 Kxg6 42. Kxc6 b4 43. axb4 a4 44. b5 a3 45. b6 a2 46. b7 a1=Q 47. b8=Q Qa4+ 48. Qb5 Qxc2 49. Kb7 Qxf2 50. Qe8+ Kh6
51. Qh8+ Kg6 52. Qg8+ Kh6 53. Qe6+ Kg7 54. c6 Qxh4 55. c7 Qb4+ 56. Qb6 Qe4+ 57. Kb8 Qe5= 58. Kb7 Qe7 59. Kb8 Qe5 60. Qg1+=
1/2-1/2

[Event "Chase the (K)night (30+1), u1800"]
[Site "SchemingMind.com"]
[Date "2008.02.28"]
[Round "-"]
[White "echecs"]
[Black "SLAINTIE MHATH"]
[Result "1-0"]
[WhiteCountry "ENG"]
[BlackCountry "POL"]
[WhiteElo "1749"]
[WhiteRD "65"]
[BlackElo "1591"]
[BlackRD "45"]
[GameID "143812"]

1. e4 Nf6 2. e5 Ne4 3. d4 c5 4. f3 Qa5+ 5. c3 cxd4 6. fxe4 Qxe5 7. Qxd4 Nc6 8. Qxe5 Nxe5 9. Na3 a6 10. Nc4 Nxc4
11. Bxc4 e6 12. Nf3 Bc5 13. b4 Bb6 14. Nd4 e5 15. Nf5 O-O 16. Be3 Bxe3 17. Nxe3 d6 18. Bd5 Rb8 19. Nc4 Rd8 20. O-O-O Kf8
21. Rhf1 f6 22. Na5 Bg4 23. Rd2 Rdc8 24. Kb2 Ke7 25. Bxb7 Rxb7 26. Nxb7 Rc6 27. Na5 Rc7 28. Kb3 Be6+ 29. Kb2 h5 30. Rfd1 f5
31. exf5 Bxf5 32. Rxd6 Kf7 33. Rxa6 e4 34. Rf1 g6 35. Nc6 Kg7 36. Nd4 Kh6 37. Nxf5+ Kg5 38. Ng3 Re7 39. Re1 e3 40. Rd6 Kh6
41. Nf5+
1-0

[Event "Chase the (K)night (30+1), u1800"]
[Site "SchemingMind.com"]
[Date "2008.03.08"]
[Round "-"]
[White "Dr_Pat"]
[Black "echecs"]
[Result "1-0"]
[WhiteCountry "USA"]
[BlackCountry "ENG"]
[WhiteElo "1903"]
[WhiteRD "53"]
[BlackElo "1687"]
[BlackRD "60"]
[GameID "145316"]

1. e4 Nf6 2. e5 Nd5 3. d4 d6 4. c4 Nb6 5. f4 dxe5 6. fxe5 Nc6 7. Be3 Bf5 8. Nc3 e6 9. Nf3 Be7 10. Be2 O-O
11. O-O f6 12. exf6 Bxf6 13. Qd2 Qe7 14. Rad1 Rad8 15. Qc1 h6 16. Kh1 Bh7 17. Bf2 e5 18. dxe5 Rxd1 19. Qxd1 Nxe5 20. c5 Nbd7
21. Nd5 Qd8 22. Nxf6+ gxf6 23. Qd5+ Kh8 24. Qxb7 Re8 25. Qxa7 Nc6 26. Qa6 Nb4 27. Qb5 Nb8 28. Rd1 Qe7 29. Qxb4 Qxe2 30. Re1 Qxf2
31. Rxe8+ Bg8 32. Qg4 Qf1+ 33. Ng1
1-0

[Event "Chase the (K)night (30+1), u1800"]
[Site "SchemingMind.com"]
[Date "2008.03.08"]
[Round "-"]
[White "Dr_Pat"]
[Black "SLAINTIE MHATH"]
[Result "1-0"]
[WhiteCountry "USA"]
[BlackCountry "POL"]
[WhiteElo "1825"]
[WhiteRD "51"]
[BlackElo "1591"]
[BlackRD "45"]
[GameID "145318"]

1. e4 Nf6 2. e5 Nd5 3. d4 e6 4. c4 Bb4+ 5. Bd2 Bxd2+ 6. Qxd2 Ne7 7. Nc3 b6 8. Bd3 Bb7 9. Nge2 O-O 10. O-O Ng6
11. f4 f5 12. exf6 Rxf6 13. Ng3 Nh4 14. d5 c6 15. Rae1 cxd5 16. cxd5 exd5 17. f5 d4 18. Nce4 Rh6 19. f6 Rxf6 20. Nxf6+ gxf6
21. Qh6 Ng6 22. Nh5 Qf8 23. Re8
1-0

[Event "Chase the (K)night (30+1), u1800"]
[Site "SchemingMind.com"]
[Date "2008.03.09"]
[Round "-"]
[White "echecs"]
[Black "Dr_Pat"]
[Result "0-1"]
[WhiteCountry "ENG"]
[BlackCountry "USA"]
[WhiteElo "1687"]
[WhiteRD "60"]
[BlackElo "1903"]
[BlackRD "53"]
[GameID "145319"]

1. e4 Nf6 2. e5 Nd5 3. d4 d6 4. Nf3 Bg4 5. Be2 e6 6. O-O Be7 7. c4 Nb6 8. Nc3 O-O 9. b3 Nc6 10. h3 Bh5
11. exd6 cxd6 12. d5 exd5 13. Nxd5 Nxd5 14. Qxd5 Bf6 15. Qxh5 Bxa1 16. Ng5 h6 17. Bd3 Bf6 18. Ne4 Re8 19. Rd1 Bd4 20. Ng5 hxg5
21. Bxg5 Bf6 22. Qh7+ Kf8 23. Qh8+ Ke7 24. Bxf6+ gxf6 25. Re1+ Kd7 26. Rxe8 Qxe8 27. Qxf6 Qe1+ 28. Kh2 Qe5+ 29. Qxe5 dxe5 30. Bf5+ Ke7
31. g4 Rd8 32. h4 Rd2 33. Kg3 Rxa2 34. h5 Rb2 35. h6 Rxb3+ 36. Kh4 Kf8 37. h7 Kg7 38. Kg5 Rh3 39. Be4 f6+ 40. Kf5 Nd4#
0-1

[Event "Chase the (K)night (30+1), u1800"]
[Site "SchemingMind.com"]
[Date "2008.03.08"]
[Round "-"]
[White "SLAINTIE MHATH"]
[Black "Dr_Pat"]
[Result "0-1"]
[WhiteCountry "POL"]
[BlackCountry "USA"]
[WhiteElo "1591"]
[WhiteRD "45"]
[BlackElo "1825"]
[BlackRD "51"]
[GameID "145321"]

1. e4 Nf6 2. Nc3 d5 3. e5 Nfd7 4. d4 e6 5. Nf3 c5 6. Bb5 a6 7. Ba4 b5 8. Nxb5 axb5 9. Bxb5 Qa5+ 10. c3 Qxb5
11. Ng5 cxd4 12. Qxd4 Nc6 13. Qf4 Ndxe5 14. a4 Nd3+
0-1

[Event "Chase the (K)night (30+1), u1800"]
[Site "SchemingMind.com"]
[Date "2008.03.15"]
[Round "-"]
[White "erlepettus"]
[Black "Dr_Pat"]
[Result "0-1"]
[WhiteCountry "USA"]
[BlackCountry "USA"]
[WhiteElo "1487"]
[WhiteRD "84"]
[BlackElo "1825"]
[BlackRD "51"]
[GameID "145825"]

1. e4 Nf6 2. e5 Nd5 3. d4 d6 4. c4 Nb6 5. f4 dxe5 6. fxe5 Nc6 7. Nc3 Qxd4 8. Nf3 Qxd1+ 9. Nxd1 Bf5 10. Nc3 e6
11. Bd2 O-O-O 12. O-O-O Be7 13. h3 Na5 14. b3 Ba3#
0-1

[Event "Chase the (K)night (30+1), u1800"]
[Site "SchemingMind.com"]
[Date "2008.03.12"]
[Round "-"]
[White "erlepettus"]
[Black "echecs"]
[Result "0-1"]
[WhiteCountry "USA"]
[BlackCountry "ENG"]
[WhiteElo "1460"]
[WhiteRD "86"]
[BlackElo "1687"]
[BlackRD "60"]
[GameID "145826"]

1. e4 Nf6 2. e5 Nd5 3. d4 d6 4. c4 Nb6 5. f4 dxe5 6. fxe5 Nc6 7. Nf3 Bg4 8. Be2 Bxf3 9. gxf3 Nxd4 10. Nc3 Nxe2
11. Qxe2 e6 12. h4 Bc5 13. Bd2 Qd7 14. O-O-O O-O-O 15. Be3 Qc6 16. Kb1 Bxe3 17. Qxe3 Qxc4 18. f4 Kb8 19. Rd2 Rxd2 20. Qxd2 a6
21. Rd1 Nd5 22. Nxd5 exd5 23. Qxd5 Qxf4 24. Rd4 Qf1+ 25. Rd1 Qf5+ 26. Ka1 h6 27. a3 Re8 28. Re1 f6 29. Rg1 Rxe5 30. Qg8+ Ka7
31. Qxg7 Qf4 32. Rh1 h5 33. Qg1+ b6 34. Qg7 Ra5 35. Rc1 Qxc1+ 36. Ka2 Rf5 37. Qd7 Rf1 38. Qf7 Qb1+ 39. Kb3 Rf3+ 40. Kc4 Qe4#
0-1

[Event "Chase the (K)night (30+1), u1800"]
[Site "SchemingMind.com"]
[Date "2008.03.12"]
[Round "-"]
[White "erlepettus"]
[Black "SLAINTIE MHATH"]
[Result "0-1"]
[WhiteCountry "USA"]
[BlackCountry "POL"]
[WhiteElo "1477"]
[WhiteRD "83"]
[BlackElo "1655"]
[BlackRD "50"]
[GameID "145828"]

1. e4 Nf6 2. e5 Ne4 3. d4 e6 4. f4 Bb4+ 5. c3 Be7 6. Nf3 b6 7. Bd3 Bb7 8. O-O d5 9. exd6 Nxd6 10. c4 Ne4
11. Nbd2 Nxd2 12. Bxd2 Na6 13. c5 O-O 14. Ne5 bxc5 15. dxc5 Bxc5+ 16. Kh1 f6 17. Bxa6 Bxa6 18. Nc6 Qd5 19. Nb4 Bxb4 20. Bxb4 Qxd1
21. Rfxd1 Rfd8 22. Rac1 Rxd1+ 23. Rxd1 Rb8 24. Bc3 Rb5 25. Rd7 Rd5 26. Rxd5 exd5 27. Bd4 Kf7 28. a3 Ke6 29. Bxa7 Kd6 30. g3 c5
31. Kg2 d4 32. Kf2 Bc4 33. Ke1 Bb3 34. Kd2 Kd5 35. Kd3 c4+ 36. Kd2 Ke4 37. Bc5 d3 38. Bf8 g6 39. Bc5 Kf3 40. Bd4 f5
41. Bf6 Kg2 42. Bh4 Kxh2 43. Ke1 Kg2 44. Kd2 Kf3 45. Kc3 Kg4 46. Kd2 h6 47. Bf6 Kxg3 48. Bg7 h5 49. Ke3 h4 50. Bc3 h3
51. Be1+ Kg2 52. Kd4 h2 53. Ke5 h1=Q 54. Bc3 Qd1 55. Kf6 Qg4 56. Ke5 Qe2+ 57. Kf6 d2 58. Bxd2 Qxd2 59. Kxg6 Qxf4
0-1

[Event "Chase the (K)night (30+1), u1800"]
[Site "SchemingMind.com"]
[Date "2008.03.16"]
[Round "-"]
[White "Dr_Pat"]
[Black "erlepettus"]
[Result "1-0"]
[WhiteCountry "USA"]
[BlackCountry "USA"]
[WhiteElo "1903"]
[WhiteRD "53"]
[BlackElo "1460"]
[BlackRD "86"]
[GameID "145829"]

1. e4 Nf6 2. e5 Nd5 3. c4 Nb6 4. d4 d6 5. f4 g6 6. Nc3 Bg7 7. Be3 O-O 8. c5 dxc5 9. dxc5 N6d7 10. Qc2 Nc6
11. O-O-O e6 12. Nf3 Qe7 13. Ne4 f5 14. Neg5 h6 15. Nxe6 Ndxe5 16. Nxe5 Bxe6 17. Nxg6 Qf6 18. Nxf8 Rxf8 19. Bc4 Re8 20. Kb1 Kh8
21. Bxe6 Rxe6 22. Rhe1 Nb4 23. Qb3 a5 24. Bd4 Qe7 25. Rxe6 Qd7 26. Rxh6#
1-0

[Event "Chase the (K)night (30+1), u1800"]
[Site "SchemingMind.com"]
[Date "2008.03.13"]
[Round "-"]
[White "echecs"]
[Black "erlepettus"]
[Result "0-1"]
[WhiteCountry "ENG"]
[BlackCountry "USA"]
[WhiteElo "1771"]
[WhiteRD "57"]
[BlackElo "1543"]
[BlackRD "91"]
[GameID "145830"]

1. e4 Nf6 2. Nc3 e5 3. Nf3 d5 4. Nxe5 dxe4 5. Bc4 Qe7 6. Nxf7 Rg8 7. O-O Be6 8. Bxe6 Qxe6 9. Ng5 Qf5 10. Ngxe4 Bb4
11. Nxf6+ gxf6 12. d3 Nc6 13. Qe2+ Be7 14. Ne4 O-O-O 15. Ng3 Qd5 16. Be3 Rde8 17. Qh5 Qxh5 18. Nxh5 Nb4 19. Rfc1 f5 20. a3 Nd5
21. Bd4 Bg5 22. Rf1 Re2 23. c4 Ne7 24. b4 Rd2 25. Rfd1 Rc2 26. g3 Nc6 27. Bf6 Bd2 28. Rab1 Ra2 29. Bb2 Bg5 30. Ng7 Rxb2
31. Rxb2 Rxg7 32. d4 Re7 33. d5 Nd8 34. d6 Re4 35. c5 c6 36. Rd3 Re1+ 37. Kg2 Kd7 38. Kf3 Nf7 39. h4 Bf6 40. Rbb3 Ne5+
41. Kf4 Nxd3+ 42. Rxd3 Rf1 43. f3 Re1 44. Kxf5 Bb2 45. Rb3 Bc1 46. Rc3 Be3 47. g4 Bf2 48. h5 h6 49. Kf4 Bh4 50. Kf5 Rf1
51. Re3 Bg5 52. Rd3 b5 53. Ke4 Bc1 54. Kf5 Rf2 55. Rc3 Bb2 56. Rb3 Bc1 57. Rc3 Bg5 58. Kg6 Ra2 59. Kf5 Ra1 60. Ke4 Bc1
61. f4 Bxa3 62. Rb3 Bc1 63. Kf5 Ra2 64. Rd3 Re2 65. Rd4 Bd2 66. g5 hxg5 67. fxg5 Rg2 68. Rg4 Rf2+ 69. Kg6 Rh2 70. h6 a5
71. h7 axb4 72. Re4 b3 73. Re7+ Kd8 74. Rf7 b2 75. Rf8+ Kd7 76. Rf7+ Kd8 77. Rf8+ Kd7 78. Rf7+= Ke8 79. Rf1 b4 80. Kg7 Bxg5
81. Rb1 Be3 82. h8=Q+ Rxh8 83. Kxh8 Bxc5 84. Kg8 Bd4 85. Kh7 Kd7 86. Kg6 Kxd6 87. Kf5 Kd5 88. Kf4 Kc4 89. Ke4 c5 90. Rh1 Kb3
91. Kd3 Bf6 92. Rg1 Ka2 93. Kc4 Bd4 94. Rh1 b1=Q
0-1

[Event "Chase the (K)night (30+1), u1800"]
[Site "SchemingMind.com"]
[Date "2008.03.13"]
[Round "-"]
[White "SLAINTIE MHATH"]
[Black "erlepettus"]
[Result "0-1"]
[WhiteCountry "POL"]
[BlackCountry "USA"]
[WhiteElo "1655"]
[WhiteRD "50"]
[BlackElo "1477"]
[BlackRD "83"]
[GameID "145832"]

1. e4 Nf6 2. e5 Nd5 3. Bb5 c6 4. Bc4 d6 5. d4 Nb6 6. Bb3 e6 7. Nf3 dxe5 8. Nxe5 Bd6 9. Nxf7 Kxf7 10. Qf3+ Qf6
11. Qxf6+ gxf6 12. Be3 Rg8 13. g3 Nd5 14. Bxd5 cxd5 15. a3 Nc6 16. Nd2 e5 17. c3 Rg4 18. f3 Rg6 19. dxe5 fxe5 20. O-O-O b6
21. Nf1 Be6 22. h3 Rf8 23. g4 Kg8 24. Nd2 Na5 25. Rdf1 Nc4 26. Nxc4 dxc4 27. g5 Bd5 28. Rhg1 Rxf3 29. Rxf3 Bxf3 30. h4 e4
31. Kb1 Kf7 32. h5 Bxh5 33. Rh1 Be2 34. Rxh7+ Kg8 35. Rxa7 Bd3+ 36. Ka2 Bc5 37. Bf4 e3 38. Ra8+ Kf7 39. Ra7+ Ke6 40. Ra8 e2
41. Bd2 Kf5 42. b4 cxb3+ 43. Kxb3 b5 44. Rc8 Be7 45. Be1 Kxg5 46. a4 bxa4+ 47. Kxa4 Kf5 48. c4 Rg1 49. Bc3 Bf6 50. Rc5+ Kg6
51. Rc6 Rf1 52. c5 e1=Q 53. Bxe1 Rxe1 54. Ka5 Kf5 55. Rc8 Bc3+ 56. Kb6 Rb1+ 57. Kc6 Ke4 58. Re8+ Be5 59. Kd7 Bb5+ 60. c6 Rd1+
61. Kc8 Bxc6 62. Re7 Rb1 63. Rxe5+ Kxe5 64. Kc7 Kd5 65. Kc8 Kd6 66. Kd8 Rb8#
0-1

[Event "Chase the (K)night (30+1), u1800"]
[Site "SchemingMind.com"]
[Date "2008.03.19"]
[Round "-"]
[White "Swalastova"]
[Black "Dr_Pat"]
[Result "0-1"]
[WhiteCountry "SCO"]
[BlackCountry "USA"]
[WhiteElo "1729"]
[WhiteRD "99"]
[BlackElo "1929"]
[BlackRD "48"]
[GameID "145984"]

1. e4 Nf6 2. e5 Nd5 3. d4 d6 4. Nf3 Bg4 5. Be2 e6 6. c4 Nb6 7. Nc3 Be7 8. O-O O-O 9. h3 Bh5 10. Be3 d5
11. c5 Bxf3 12. gxf3 Nc4 13. Bxc4 dxc4 14. b3 cxb3 15. Qxb3 Nc6 16. Qxb7 Qd7 17. Rfd1 Rab8 18. Qa6 Rfd8 19. Qf1 Nb4 20. Qg2 f5
21. exf6 Bxf6 22. Ne4 Nd5 23. Nxf6+ Nxf6 24. Rab1 Nd5 25. Rxb8 Rxb8 26. Bh6 Kf8 27. Bd2 Qa4 28. Re1 Qxd4 29. Be3 Nxe3 30. Rxe3 Rb1+
31. Kh2 Rb2 32. a3 Qf4+ 33. Qg3 Rxf2+
0-1

[Event "Chase the (K)night (30+1), u1800"]
[Site "SchemingMind.com"]
[Date "2008.03.19"]
[Round "-"]
[White "Swalastova"]
[Black "echecs"]
[Result "0-1"]
[WhiteCountry "SCO"]
[BlackCountry "ENG"]
[WhiteElo "1621"]
[WhiteRD "110"]
[BlackElo "1687"]
[BlackRD "60"]
[GameID "145985"]

1. e4 Nf6 2. e5 Nd5 3. d4 d6 4. c4 Nb6 5. f4 dxe5 6. fxe5 Nc6 7. Be3 Bf5 8. Nc3 e6 9. Nf3 Bb4 10. Bd3 Bg4
11. O-O Qd7 12. Qd2 Bxf3 13. Rxf3 Nxd4 14. Rf4 Nc6 15. Bxb6 axb6 16. Qe3 Bc5
0-1

[Event "Chase the (K)night (30+1), u1800"]
[Site "SchemingMind.com"]
[Date "2008.03.19"]
[Round "-"]
[White "Swalastova"]
[Black "erlepettus"]
[Result "1-0"]
[WhiteCountry "SCO"]
[BlackCountry "USA"]
[WhiteElo "1729"]
[WhiteRD "99"]
[BlackElo "1477"]
[BlackRD "83"]
[GameID "145986"]

1. e4 Nf6 2. e5 Nd5 3. d4 d6 4. Nf3 Nc6 5. c4 Nb6 6. e6 Na5 7. exf7+ Kxf7 8. Ng5+ Kg8 9. Qf3 Qe8 10. b3 g6
11. Bb2 Bg7 12. Nd2 h6 13. Nge4 Bd7 14. Bd3 Kh7 15. Bc3 Bf5 16. Rc1 Rf8 17. O-O Nc6 18. d5 Ne5 19. Bxe5 Bxe5 20. Ng3 Bxd3
21. Qxd3 Qd7 22. Nf3 Bxg3 23. fxg3 Qf5 24. Qxf5 Rxf5 25. Nd4 Re5 26. Ne6 c5 27. Rf7+ Kg8 28. Rg7+ Kh8 29. Rxg6 Rg8 30. Rxh6#
1-0

[Event "Chase the (K)night (30+1), u1800"]
[Site "SchemingMind.com"]
[Date "2008.03.19"]
[Round "-"]
[White "Swalastova"]
[Black "SLAINTIE MHATH"]
[Result "1-0"]
[WhiteCountry "SCO"]
[BlackCountry "POL"]
[WhiteElo "1729"]
[WhiteRD "99"]
[BlackElo "1655"]
[BlackRD "50"]
[GameID "145988"]

1. e4 Nf6 2. e5 Ng8 3. Nc3 e6 4. Nf3 b6 5. d4 Bb4 6. a3 Bxc3+ 7. bxc3 h6 8. a4 Bb7 9. Ba3 d6 10. exd6 cxd6
11. Be2 Nf6 12. Bb5+ Nc6 13. Qe2 O-O 14. Ba6 Rb8 15. Bxb7 Rxb7 16. O-O Re8 17. Nd2 d5 18. Nf3 Ne4 19. Ne5 Nxe5 20. dxe5 Nxc3
21. Qf3 Ne4 22. Qg4 Rc7 23. f3 Nd2 24. Bc1 Rxc2 25. Rf2 Rxc1+ 26. Rxc1 Nc4 27. f4 Qd7 28. Rf3 Qxa4 29. h4 b5 30. Rg3 g6
31. h5 Nxe5 32. fxe5 Qxg4 33. Rxg4 Kg7 34. Rc7 b4 35. Rxg6+ Kh8 36. Rxf7
1-0

[Event "Chase the (K)night (30+1), u1800"]
[Site "SchemingMind.com"]
[Date "2008.03.19"]
[Round "-"]
[White "Dr_Pat"]
[Black "Swalastova"]
[Result "1-0"]
[WhiteCountry "USA"]
[BlackCountry "SCO"]
[WhiteElo "1992"]
[WhiteRD "50"]
[BlackElo "1695"]
[BlackRD "92"]
[GameID "145989"]

1. e4 Nf6 2. e5 Nd5 3. d4 d6 4. c4 Nb6 5. f4 dxe5 6. fxe5 c5 7. d5 e6 8. Nc3 exd5 9. cxd5 c4 10. Nf3 Bb4
11. Bxc4 Bxc3+ 12. bxc3 Nxc4 13. Qa4+ Nd7 14. Qxc4 Nb6 15. Qb5+ Qd7 16. Qxd7+ Bxd7 17. d6 Rc8 18. Bd2 O-O 19. O-O Na4 20. Rab1 b6
21. Rb3 Nc5 22. Ra3 Ne4 23. Rxa7 Nxd2 24. Nxd2 Be6 25. Rc1 f5 26. Re7 Bd5 27. c4 h6 28. d7 Rc7 29. Rc2 Bc6 30. d8=Q Rxd8
31. Rxc7 Be4 32. Rb2 Kh7 33. Nxe4 fxe4 34. Rxb6 e3 35. Rb1 Re8 36. Rbb7 Kg6 37. Rxg7+ Kf5 38. Rg3 Ke4 39. Rb3
1-0

[Event "Chase the (K)night (30+1), u1800"]
[Site "SchemingMind.com"]
[Date "2008.03.19"]
[Round "-"]
[White "echecs"]
[Black "Swalastova"]
[Result "1-0"]
[WhiteCountry "ENG"]
[BlackCountry "SCO"]
[WhiteElo "1766"]
[WhiteRD "57"]
[BlackElo "1695"]
[BlackRD "92"]
[GameID "145990"]

1. e4 Nf6 2. Nc3 d5 3. exd5 Nxd5 4. Nxd5 Qxd5 5. d3 e5 6. Qf3 Qxf3 7. Nxf3 Nc6 8. Bd2 Bd6 9. Be2 Nd4 10. Nxd4 exd4
11. Bf3 O-O 12. O-O c6 13. c3 dxc3 14. bxc3 Be6 15. a4 Bd7 16. Be3 Be5 17. d4 Bf6 18. Rab1 Rab8 19. Bf4 Rbe8 20. Rxb7 Re7
21. Rxa7 Rd8 22. Rc7 h6 23. Bxc6 Bxc6 24. Rxc6 Ra8 25. Bxh6 Rxa4 26. Be3 Rb7 27. Rd1 Rb2 28. c4 Rab4 29. g3 Rb1 30. Rxb1 Rxb1+
31. Kg2 Kf8 32. c5 Rd1 33. Rd6 Ke7 34. d5 Be5 35. Rb6 Rxd5 36. c6 Bd4 37. Rb7+ Kd8 38. Bxd4 Rxd4 39. Rxf7 Rc4 40. c7+ Rxc7
41. Rxc7 Kxc7 42. h4 Kd7 43. Kf3 Ke7 44. Kf4 Kf6 45. h5 Kf7 46. Kf5 Kf8 47. Kg6 Kg8 48. g4 Kh8 49. f4 Kg8 50. f5 Kf8
51. Kh7 Kf7 52. g5
1-0

[Event "Chase the (K)night (30+1), u1800"]
[Site "SchemingMind.com"]
[Date "2008.03.19"]
[Round "-"]
[White "erlepettus"]
[Black "Swalastova"]
[Result "1-0"]
[WhiteCountry "USA"]
[BlackCountry "SCO"]
[WhiteElo "1543"]
[WhiteRD "91"]
[BlackElo "1639"]
[BlackRD "91"]
[GameID "145991"]

1. e4 Nf6 2. e5 Nd5 3. d4 d6 4. c4 Nb6 5. f4 dxe5 6. fxe5 Nc6 7. Nf3 Bg4 8. Be3 e6 9. Be2 Be7 10. O-O Bxf3
11. Rxf3 O-O 12. Nc3 f6 13. c5 Nd5 14. Bd2 fxe5 15. dxe5 Bxc5+ 16. Kh1 Nxe5 17. Rg3 Nxc3 18. Bxc3 Qxd1+ 19. Rxd1 Ng6 20. Rd7 Rf7
21. Rgd3 Raf8 22. g3 Rxd7 23. Rxd7 Rf7 24. Rd8+ Nf8 25. b4 Be7 26. Rb8 b6 27. Rb7 Bf6 28. Bxf6 gxf6 29. Rxa7 f5 30. Bc4 f4
31. Kg2 fxg3 32. hxg3 Kg7 33. Kh3 c5 34. Rxf7+ Kxf7 35. bxc5 bxc5 36. a4 Nd7 37. a5 Nb8 38. Kg4 Ke7 39. Kg5 Kd7 40. Kf6 Nc6
41. Bxe6+ Kc7 42. a6 Kb6 43. Bc4 Na5 44. Bd3 c4 45. Bxh7 c3 46. Ke5 Nc6+ 47. Kd6 Kb5 48. g4 Kb6 49. g5 Nb4 50. Ke6 Kxa6
51. Be4 c2 52. Bxc2 Nxc2 53. g6 Nd4+ 54. Kf6 Nc6 55. g7 Kb5 56. g8=Q Kb6 57. Ke6 Kc5 58. Qc8
1-0

[Event "Chase the (K)night (30+1), u1800"]
[Site "SchemingMind.com"]
[Date "2008.03.19"]
[Round "-"]
[White "SLAINTIE MHATH"]
[Black "Swalastova"]
[Result "0-1"]
[WhiteCountry "POL"]
[BlackCountry "SCO"]
[WhiteElo "1589"]
[WhiteRD "54"]
[BlackElo "1695"]
[BlackRD "92"]
[GameID "145993"]

1. e4 Nf6 2. d3 e5 3. Bg5 Be7 4. g4 d5 5. Bg2 Bxg4 6. f3 Be6 7. a3 Nc6 8. c3 h6 9. Bh4 Nh5 10. Bxe7 Qxe7
11. Qe2 Nf4 12. Qd2 Qh4+ 13. Kd1 dxe4 14. fxe4 Bb3+ 15. Kc1 Nxg2 16. Nf3 Qg4 17. Rg1 Qxf3 18. a4 Qe3 19. Rxg2 Qxd2+ 20. Nxd2 Be6
21. Rxg7 O-O-O 22. b4 Rdg8 23. Rxg8+ Rxg8 24. Kc2 Ne7 25. Rf1 Rg2 26. h4 Rh2 27. d4 exd4 28. cxd4 Rxh4 29. Kd3 Rh3+ 30. Kc2 f5
31. a5 b5 32. e5 Nc6 33. Nf3 Nxb4+ 34. Kc3 Nc6 35. Kd3 Nxa5 36. Ke2 Rg3 37. Rh1 Bd5 38. Rf1 Rxf3 39. Rxf3 Bxf3+ 40. Kxf3 b4
41. d5 Kd8 42. Kf4 b3 43. Kxf5 b2 44. Kg6 b1=Q+ 45. Kxh6 Qg1 46. d6 cxd6 47. e6 Ke7 48. Kh5 Kxe6
0-1